000 00510nam a2200205Ia 4500
005 20260429112126.0
008 260429s9999||||xx |||||||||||||| ||und||
020 _a9780367242206
041 _aEnglish
082 _a338.4791
_bDOW
100 _aDowling, Ross K.
245 0 _aGeotourism /
_cRoss K. Dowling
250 _a1st ed.
260 _aLondon :
_bRoutledge,
_c2025.
300 _axxviii, 260 p.; pbk
650 _a Geoparks
650 _aGeotourism
700 _a Newsome, David
942 _cTB
999 _c52476
_d52476